=LDR 00000nam 2200000 4500 =001 INLIS000000000043860 =005 20131008103915 =008 ***********************************ind** =035 ##$$0010-101300000001782 =041 ##$$a ind =082 ##$$a 372.72 =090 ##$$a 372.72, Bry s =100 ##$$a Bryant, Karen =245 ##$$a Starting to substract, Belajar mengurangi, Karen Bryant =260 ##$$a 2001 $b Jakarta =300 ##$$a 24 hlm, ilus, 27 cm =650 ##$$a Hitung, Ilmu =850 ##$$a NBPNMAT